From photon to neuron: Light, imaging, vision (Record no. 1211318)

MARC details
000 -LEADER
fixed length control field 01043nam a2200301Ia 4500
003 - CONTROL NUMBER IDENTIFIER
control field OSt
005 - DATE AND TIME OF LATEST TRANSACTION
control field 20221007123049.0
008 - FIXED-LENGTH DATA ELEMENTS--GENERAL INFORMATION
fixed length control field 221006b |||||||| |||| 00| 0 eng d
020 ## - INTERNATIONAL STANDARD BOOK NUMBER
International Standard Book Number 9780691175195 (pbk)
037 ## - SOURCE OF ACQUISITION
Terms of availability Textual
040 ## - CATALOGING SOURCE
Original cataloging agency PAPL
Transcribing agency PAPL
Language of cataloging eng
041 ## - LANGUAGE CODE
Source of code eng
Language code of text/sound track or separate title eng
100 ## - MAIN ENTRY--PERSONAL NAME
Personal name Nelson Philip
9 (RLIN) 479559
245 #0 - TITLE STATEMENT
Title From photon to neuron: Light, imaging, vision
260 ## - PUBLICATION, DISTRIBUTION, ETC.
Place of publication, distribution, etc. New
Name of publisher, distributor, etc. Jersey Princeton university press
Date of publication, distribution, etc. 2017
300 ## - PHYSICAL DESCRIPTION
Extent xxviii,482p. col. ill.
Dimensions cm.
500 ## - GENERAL NOTE
General note Epilogue 423-430p.; Appendix A-D, 431-451p.; Bibliography 453-466p.; Index 473-482p.
650 ## - SUBJECT ADDED ENTRY--TOPICAL TERM
Topical term or geographic name entry element Advanced topics
9 (RLIN) 716254
650 ## - SUBJECT ADDED ENTRY--TOPICAL TERM
Topical term or geographic name entry element Doorways of light
9 (RLIN) 716255
650 ## - SUBJECT ADDED ENTRY--TOPICAL TERM
Topical term or geographic name entry element Human and superhuman vision
9 (RLIN) 716256
650 ## - SUBJECT ADDED ENTRY--TOPICAL TERM
Topical term or geographic name entry element Physics
942 ## - ADDED ENTRY ELEMENTS (KOHA)
Classification part C51, Q7 Carpa
Koha item type Textual
Source of classification or shelving scheme Colon Classification (CC)
Holdings
Withdrawn status Lost status Source of classification or shelving scheme Damaged status Not for loan Home library Current library Date acquired Source of acquisition Total Checkouts Full call number Barcode Date last seen Price effective from Koha item type
    Colon Classification (CC)     Department of Physics and Astrophysics Library Department of Physics and Astrophysics Library 2022-10-07 54241, 19/02/2018, Segment Book Distributors   C51 Q7 Carpa PA0007428 2022-10-07 2022-10-07 Textual
Copyright @ Delhi University Library System